Đam mê khám phá: kiến tạo thành công từ sức mạnh của truyền thông mạng xã hội
Gespeichert in:
| Format: | Buch |
|---|---|
| Sprache: | Vietnamese |
| Veröffentlicht: |
Lao Động
2010
|
| Schlagworte: | |
| Tags: |
Tag hinzufügen
Keine Tags, Fügen Sie den ersten Tag hinzu!
|
| Thư viện lưu trữ: | Mạng thư viện Đại học Đà Nẵng |
|---|
| LEADER | 01094nam a2200313 a 4500 | ||
|---|---|---|---|
| 001 | 000003272 | ||
| 003 | 03482 | ||
| 005 | 20171229145311.0 | ||
| 008 | 171229s2010 vie | ||
| 040 | |a LSK | ||
| 041 | 0 | |a VIE | |
| 082 | 0 | |a 650.1 |b VA-G | |
| 245 | 0 | 0 | |a Đam mê khám phá: kiến tạo thành công từ sức mạnh của truyền thông mạng xã hội |c Gary Vaynerchuk ; Trần Thanh Bình dịch |
| 260 | |b Lao Động |c 2010 | ||
| 300 | |a 195 pages |c 20,5 cm. | ||
| 653 | |a Internet Marketing | ||
| 653 | |a Truyền thông xã hội - Khía cạnh kinh tế. | ||
| 852 | |a Phòng Đọc | ||
| 901 | |a 1 | ||
| 927 | |a Sách tham khảo | ||
| OWN | |a LSK | ||
| AVA | |a UDN50 |b LSK |d 650.1 VA-G |e available |t Error 5001 Not defined in file expand_doc_bib_avail. |f 1 |g 0 |h N |i 0 |k 1 | ||
| 999 | |a From the UDN01 | ||
| AVA | |a UDN50 |b LSK |d 650.1 VA-G |e available |t Error 5001 Not defined in file expand_doc_bib_avail. |f 1 |g 0 |h N |i 0 |k 1 | ||
| TYP | |a Monograph | ||
| TYP | |a Printed language | ||
| 980 | |a Mạng thư viện Đại học Đà Nẵng | ||